Т. 3, № 1; Теплофизика высоких температур
| Parent link: | Теплофизика высоких температур/ Академия наук СССР (АН СССР). Т. 3, № 1.— , 1964-.— 0040-3644 |
|---|---|
| שפה: | רוסית |
| יצא לאור: |
1965
|
| פורמט: | ספר |
| KOHA link: | https://koha.lib.tpu.ru/cgi-bin/koha/opac-detail.pl?biblionumber=388098 |
MARC
| LEADER | 00000n m2a2200000 4500 | ||
|---|---|---|---|
| 001 | 388098 | ||
| 005 | 20231101063710.0 | ||
| 035 | |a (RuTPU)RU\TPU\prd\18858 | ||
| 090 | |a 388098 | ||
| 100 | |a 20031021a19639999k y0rusy50 ca | ||
| 101 | 0 | |a rus | |
| 102 | |a RU | ||
| 200 | 0 | |a Т. 3, № 1 | |
| 210 | |d 1965 | ||
| 461 | 1 | |0 (RuTPU)RU\TPU\prd\377 |x 0040-3644 |t Теплофизика высоких температур |f Академия наук СССР (АН СССР) |v Т. 3, № 1 |d 1964- | |
| 801 | 1 | |a RU |b 63413507 |c 20031021 |g PSBO | |
| 801 | 2 | |a RU |b 63413507 |c 20150130 |g RCR | |
| 942 | |c BK | ||
| 999 | |a НТБ_ТПУ |b НФ |e -8/20110111 |p П-7214 |u 0,00 |v 1 | ||